[Event "Gligoric Cup (Women) 10th"]
[Site "Paracin"]
[Date "2024.05.23"]
[Round "3.1"]
[White "Zec, Zoja"]
[Black "Lach, Aleksandra"]
[Result "0-1"]
[WhiteElo "1569"]
[BlackElo "2292"]
[PlyCount "62"]
[EventDate "2024.05.21"]
[EventType "team-swiss"]
[EventRounds "5"]
[EventCountry "SRB"]
[SourceTitle "CBM 220 Extra"]
[Source "ChessBase"]
[SourceDate "2024.07.31"]
[SourceVersion "1"]
[SourceVersionDate "2024.07.31"]
[SourceQuality "1"]
[WhiteTeam "Pancevo Aljehin (W)"]
[BlackTeam "Kac Jugovic (W)"]
[WhiteTeamCountry "SRB"]
[BlackTeamCountry "SRB"]

1. e4 c5 2. Nf3 g6 3. Bc4 Bg7 4. d3 e6 5. h3 Ne7 6. d4 cxd4 7. Nxd4 0-0 8. c3 d5 9. exd5 Nxd5 10. 0-0 a6 11. Re1 Nc6 12. Nxc6 bxc6 13. Nd2 h6 14. Nf3 Qc7 15. Nd4 Kh7 16. Qd3 c5 17. Nc2 Bb7 18. f3 Rfd8 19. Qe2 Rd7 20. Bd2 Qb6 21. Bxd5 exd5 22. Rab1 d4 23. cxd4 cxd4 24. Qd3 Bd5 25. b3 Be6 26. Bf4 Bf5 27. Qd2 Rc8 28. Rbc1 Rxc2 29. Rxc2 Bxc2 30. Qxc2 d3+ 31. Qf2 Bd4 0-1